[Event "IECC CL1-2001.14"]
[Site "IECC email"]
[Date "2001.07.12"]
[Round "?"]
[White "Filho, Alcindo Silva"]
[Black "Raijmaekers, Kees"]
[Result "1/2-1/2"]
[WhiteElo "2280"]
[BlackElo "2101"]
[PlyCount "53"]
[EventDate "2001.??.??"]
[EventType "tourn (corr)"]
[EventRounds "4"]
[SourceTitle "Corr 2015"]
[Source "ChessBase"]
[SourceDate "2015.07.17"]
[SourceVersion "1"]
[SourceVersionDate "2015.07.17"]
[SourceQuality "1"]

1. e4 c5 2. Nc3 Nc6 3. g3 g6 4. Bg2 Bg7 5. d3 e5 6. Nge2 Nge7 7. h4 h5 8. Be3 d6 9. 0-0 0-0 10. a3 Nd4 11. Rb1 b5 12. f4 Bg4 13. Qd2 Rb8 14. Rf2 a5 15. Nc1 b4 16. axb4 axb4 17. N3e2 Qc7 18. fxe5 dxe5 19. Ra1 Ra8 20. Rxa8 Rxa8 21. c3 bxc3 22. bxc3 Nxe2+ 23. Nxe2 c4 24. Nc1 Rc8 25. Bg5 Nc6 26. Bf6 Bxf6 27. Rxf6 1/2-1/2

[Event "IECC CL1-2001.14"]
[Site "IECC email"]
[Date "2001.07.12"]
[Round "?"]
[White "Mayer, Eduardo"]
[Black "Filho, Alcindo Silva"]
[Result "1/2-1/2"]
[WhiteElo "2115"]
[BlackElo "2299"]
[PlyCount "58"]
[EventDate "2001.??.??"]
[EventType "tourn (corr)"]
[EventRounds "4"]
[SourceTitle "Corr 2008"]
[Source "ChessBase"]
[SourceDate "2008.06.24"]
[SourceVersion "1"]
[SourceVersionDate "2008.06.24"]
[SourceQuality "1"]

1. d4 Nf6 2. c4 c5 3. d5 b5 4. Nf3 g6 5. cxb5 a6 6. b6 Qxb6 7. Nc3 d6 8. Nd2 Bg7 9. e4 0-0 10. a4 Qd8 11. Be2 Nbd7 12. 0-0 Rb8 13. Nc4 Nb6 14. Na5 Bd7 15. Nc6 Bxc6 16. dxc6 Qc8 17. a5 Na8 18. Qd3 Nc7 19. Rd1 Rd8 20. Rb1 Re8 21. f4 Rb4 22. Be3 Qe6 23. Bf3 Reb8 24. e5 dxe5 25. Bxc5 Rxf4 26. Bb6 Qc8 27. Bxc7 Qxc7 28. Qxa6 Rfb4 29. Be2 e4 1/2-1/2